000 00628nam a2200229Ia 4500
003 OSt
005 20220928145716.0
006 a|||||r|||| 00| 0
007 ta
008 220927b |||||||| |||| 00| 0 eng d
024 _a82330
037 _cTextual
040 _aSDCL
_cSDCL
_beng
041 _2eng
_aeng
082 _aXjN08, L9
100 _aHanumantha Rao C H Ed.
_9473056
245 0 _aReflections on economic development and social change.
260 _c1979
700 _a Joshi P C Ed.
_9437822
942 _hXjN08, L9
_cTEXL
_2CC
999 _c835052
_d835052